书目信息 |
| 题名: |
邓小平军队制度建设思想研究
|
|
| 作者: | 王法安 , 王高计 著 | |
| 分册: | ||
| 出版信息: | 北京 军事科学出版社 1995.05 |
|
| 页数: | 206页 | |
| 开本: | 32开 | |
| 丛书名: | ||
| 单 册: | ||
| 中图分类: | A849.165 | |
| 科图分类: | ||
| 主题词: | 毛泽东著作--学习 , 毛泽东著作研究 | |
| 电子资源: | ||
| ISBN: | 7-80021-852-X | |
| 000 | 00669nam0 2200217 45 | |
| 001 | 0010221440 | |
| 005 | 20001022144826.1 | |
| 010 | @a7-80021-852-X@d13.80元 | |
| 100 | @a20001022d1995 km y0chiy0120 ea | |
| 101 | 0 | @achi |
| 105 | @a z 000yy | |
| 200 | 1 | @a邓小平军队制度建设思想研究@ADeng Xiao Ping Jun Dui Zhi Du Jian She Si Xiang Yan Jiu@f王法安,王高计著@FWang Fa An,Wang Gao Ji Zhu |
| 210 | @a北京@c军事科学出版社@d1995.05 | |
| 215 | @a206页@d32开 | |
| 606 | 0 | @a毛泽东著作@x学习 |
| 606 | 0 | @a毛泽东著作研究 |
| 690 | @aA849.165@v3 | |
| 701 | 0 | @a王法安@4著 |
| 701 | 0 | @a王高计@4著 |
| 801 | @aCN@bPftUser@c20001022 | |
| 905 | @b182341-346@dA849.165@eW006@f6 | |
| 邓小平军队制度建设思想研究/王法安,王高计著.-北京:军事科学出版社,1995.05 |
| 206页;32开 |
| ISBN 7-80021-852-X:13.80元 |
| ● |
| 相关链接 |
|
|
|
正题名:邓小平军队制度建设思想研究
索取号:A849.165/W006
 
预约/预借
| 序号 | 登录号 | 条形码 | 馆藏地/架位号 | 状态 | 备注 |
| 1 | 182341 | 201823410 | 社科库509/509社科库 6排2列3层/ [索取号:A849.165/W006] | 在馆 | |
| 2 | 182342 | 201823429 | 社科库509/509社科库 6排2列3层/ [索取号:A849.165/W006] | 在馆 | |
| 3 | 182343 | 201823438 | 社科库509/509社科库 6排2列3层/ [索取号:A849.165/W006] | 在馆 | |
| 4 | 182344 | 201823447 | 社科库509/509社科库 6排2列3层/ [索取号:A849.165/W006] | 在馆 | |
| 5 | 182345 | 201823456 | 社科库509/509社科库 6排2列3层/ [索取号:A849.165/W006] | 在馆 | |
| 6 | 182346 | 201823465 | 社科库509/509社科库 6排2列3层/ [索取号:A849.165/W006] | 在馆 |